| 000 | 00415nam a22001577a 4500 | ||
|---|---|---|---|
| 005 | 20251108164351.0 | ||
| 008 | 250721s1972 xx 000 0 ara d | ||
| 082 | 1 | 4 | _a709/عاي |
| 100 | 1 | _aعارف، عائده سليمان | |
| 245 | 1 | 0 | _aمدارس الفن القديم / |
| 264 | 1 |
_aبيروت : _bدار صادر، _c1972. |
|
| 300 | _a395ص | ||
| 650 | 1 | 7 | _aالفن |
| 942 |
_2ddc _cBK |
||
| 999 |
_c10411 _d10411 |
||